Essais sur l'hygroméytrie ... / (Record no. 164841)
[ view plain ]
| 000 -LEADER | |
|---|---|
| campo de control de longitud fija | 00959nam a22002415i 4500 |
| 001 - NÚMERO DE CONTROL | |
| campo de control | 164841 |
| 003 - IDENTIFICADOR DE NÚMERO DE CONTROL | |
| campo de control | ES-MaACL |
| 005 - FECHA Y HORA DE LA ÚLTIMA TRANSACCIÓN | |
| campo de control | 20230906213022.0 |
| 008 - DATOS DE LONGITUD FIJA--INFORMACIÓN GENERAL | |
| campo de control de longitud fija | 050809s1783 sz a | |||||||| ||fre d |
| 040 ## - FUENTE DE CATALOGACIÓN | |
| Centro catalogador/agencia de origen | CAM |
| Lengua de catalogación | spa |
| Centro/agencia transcriptor | CAM |
| 100 1# - ENTRADA PRINCIPAL--NOMBRE DE PERSONA | |
| Nombre de persona | Saussure, Horace Bénédit de. |
| 9 (RLIN) | 132506 |
| 245 10 - MENCIÓN DEL TÍTULO | |
| Título | Essais sur l'hygroméytrie ... / |
| Mención de responsabilidad, etc. | par Horace-Bénédit de Saussure... |
| 260 ## - PUBLICACIÓN, DISTRIBUCIÓN, ETC. | |
| Lugar de publicación, distribución, etc. | A Nauchatel : |
| Nombre del editor, distribuidor, etc. | chez Samuel Fauche Pere et Fils imprimeurs ..., |
| Fecha de publicación, distribución, etc. | 1783. |
| 300 ## - DESCRIPCIÓN FÍSICA | |
| Extensión | XII, 524 p., [1] h., [10] h. pleg., [2] h. pleg. de grab. ; |
| Dimensiones | 8º. |
| 597 ## - NOTA DE DESCRIPCIÓN FÍSICA | |
| NOTA DE DESCRIPCIÓN FÍSICA | Sign.: a\p6\s, A-Z\p8\s, Aa-Hh\p8\s, Ii\p5\s. |
| 597 ## - NOTA DE DESCRIPCIÓN FÍSICA | |
| NOTA DE DESCRIPCIÓN FÍSICA | Port. con viñeta xil. |
| 597 ## - NOTA DE DESCRIPCIÓN FÍSICA | |
| NOTA DE DESCRIPCIÓN FÍSICA | Antep. |
| 597 ## - NOTA DE DESCRIPCIÓN FÍSICA | |
| NOTA DE DESCRIPCIÓN FÍSICA | Errores de pag. debidos a las h. pleg. |
| 650 #4 - PUNTO DE ACCESO ADICIONAL DE MATERIA--TÉRMINO DE MATERIA | |
| Término de materia o nombre geográfico como elemento de entrada | Metereología. |
| 9 (RLIN) | 15019 |
| 700 1# - ENTRADA AGREGADA--NOMBRE PERSONAL | |
| Nombre de persona | Fauche, Samuel, |
| Término indicativo de función/relación | |
| 9 (RLIN) | 127015 |
| 752 ## - ENTRADA AGREGADA--NOMBRE JERÁRQUICO DEL LUGAR | |
| País o entidad superior | Suiza - |
| Ciudad | Neuchatel |
| 852 ## - LOCALIZACIÓN | |
| Ubicación | ES-MaACL |
| Número de control de estantería | R-871 |
| Nota libre | -- Enc. perg. |
| -- | -- Dedic. ms. de ¿? Ortega Mayor a la biblioteca del Ateneo de Madrid |
| -- | -- G-1554 |
| Estatus retirado | Estado de pérdida | Estado de daño | No para préstamo | Colección | Biblioteca de origen | Biblioteca actual | Ubicación en estantería | Fecha de adquisición | Fuente de adquisición | Total de préstamos | Signatura topográfica completa | Código de barras | Visto por última vez | Precio de reemplazo | Tipo de ítem Koha |
|---|---|---|---|---|---|---|---|---|---|---|---|---|---|---|---|
| Libros del s. XVIII | Biblioteca del Ateneo de Madrid | Biblioteca del Ateneo de Madrid | Depósito | 17/01/2008 | R-871 | 1172801 | 23/02/2023 | 23/02/2023 | Libro impreso antiguo |
